000 01003nam a22002777a 4500
001 BR7704383
003 BR-BrBNA
005 20230928085358.0
007 ta
008 230509b bl.||||| |||| 00| 0 por d
040 _aBR-BrBNA
_bpor
_cBiblioteca Nacional de Agricultura
041 _a(Por)
072 _aH20
_b2120
_b4120
090 _ 2120 BR7704383
100 1 _aMaxemiuc, V.
110 1 _aEscola Paulista de Medicina, Sao Paulo, SP (Brasil)
_0Tese (Mestrado)
_94339
245 1 _aPolissacaridoses de Hemileia vastatrix Berk. Br. (ferrugem do cafe)e suas interacoes com folhas de cafeeiros suscetivel e resistente ao parasito
260 3 _aSao Paulo, SP (Brasil):
_c1977.
300 _a150 p.
500 _aBibliography p. 120-150 (189 ref.); Summary (Por). (*) Documento disponível na(o) Instituto Brasileiro do Cafe, Rio de Janeiro, RJ
650 _aCAFE
650 _aFERRUGEM ALARANJADA
650 _aVARIEDADE RESISTENTE
909 _a202309
_bLucia
_c55
_dLucia Elande
942 _cBK
999 _c24117
_d24117